[Event "Rapid Tournament (RAP)"]
[Site "Biel, CH"]
[Date "2025.07.13"]
[Round "5"]
[White "Vemparala, Nikash"]
[Black "Chen, Muxi"]
[Result "1-0"]
[Board "13"]
[WhiteFideId "30960967"]
[BlackFideId "8626073"]
[WhiteTitle "CM"]
[WhiteElo "2178"]
[BlackElo "1979"]
[WhiteTeam "USA"]
[BlackTeam "CHN"]
[WhiteClock "0:06:29"]
[BlackClock "0:00:10"]
[Variant "Standard"]

1. c4 {[%clk 0:15:09]}  c5 {[%clk 0:15:06]} 2. g3 {[%clk 0:15:13]}  g6 {[%clk 0:15:09]} 3. Bg2 {[%clk 0:15:17]}  Bg7 {[%clk 0:15:13]} 4. Nc3 {[%clk 0:15:21]}  Nc6 {[%clk 0:15:14]} 5. d3 {[%clk 0:15:23]}  e6 {[%clk 0:15:00]} 6. e4 {[%clk 0:15:26]}  Nge7 {[%clk 0:15:01]} 7. Nge2 {[%clk 0:15:30]}  O-O {[%clk 0:14:58]} 8. O-O {[%clk 0:15:32]}  Rb8 {[%clk 0:14:29]} 9. Be3 {[%clk 0:15:31]}  Nd4 {[%clk 0:14:28]} 10. Rb1 {[%clk 0:15:30]}  Nec6 {[%clk 0:14:08]} 11. a3 {[%clk 0:15:34]}  a6 {[%clk 0:13:29]} 12. b4 {[%clk 0:15:17]}  cxb4 {[%clk 0:13:06]} 13. axb4 {[%clk 0:15:21]}  b5 {[%clk 0:13:09]} 14. Nxd4 {[%clk 0:14:38]}  Nxd4 {[%clk 0:12:56]} 15. Ne2 {[%clk 0:14:39]}  Nc6 {[%clk 0:12:17]} 16. c5 {[%clk 0:14:06]}  d6 {[%clk 0:11:13]} 17. cxd6 {[%clk 0:13:29]}  e5 {[%clk 0:10:50]} 18. Bc5 {[%clk 0:13:30]}  Be6 {[%clk 0:10:36]} 19. f4 {[%clk 0:13:16]}  f6 {[%clk 0:10:04]} 20. d4 {[%clk 0:12:24]}  Bc4 {[%clk 0:09:51]} 21. d5 {[%clk 0:11:42]}  Nd4 {[%clk 0:09:24]} 22. Nxd4 {[%clk 0:11:46]}  exd4 {[%clk 0:09:21]} 23. Re1 {[%clk 0:11:49]}  d3 {[%clk 0:09:01]} 24. Bf1 {[%clk 0:10:55]}  Re8 {[%clk 0:07:33]} 25. Bxd3 {[%clk 0:10:55]}  Bf8 {[%clk 0:06:15]} 26. Bxc4 {[%clk 0:10:43]}  bxc4 {[%clk 0:06:10]} 27. e5 {[%clk 0:10:10]}  fxe5 {[%clk 0:05:53]} 28. fxe5 {[%clk 0:10:14]}  Qg5 {[%clk 0:05:49]} 29. Qd4 {[%clk 0:09:52]}  Bg7 {[%clk 0:05:47]} 30. Qxc4 {[%clk 0:09:03]}  Bxe5 {[%clk 0:05:12]} 31. d7 {[%clk 0:08:38]}  Red8 {[%clk 0:04:55]} 32. Qe4 {[%clk 0:08:36]}  Bxg3 {[%clk 0:02:53]} 33. hxg3 {[%clk 0:08:33]}  Qxg3+ {[%clk 0:02:42]} 34. Qg2 {[%clk 0:08:36]}  Qxg2+ {[%clk 0:02:16]} 35. Kxg2 {[%clk 0:08:40]}  Rxd7 {[%clk 0:02:20]} 36. d6 {[%clk 0:08:44]}  Rbd8 {[%clk 0:02:01]} 37. Ra1 {[%clk 0:08:44]}  Rxd6 {[%clk 0:01:46]} 38. Bxd6 {[%clk 0:08:46]}  Rxd6 {[%clk 0:01:49]} 39. Re8+ {[%clk 0:08:50]}  Kg7 {[%clk 0:01:43]} 40. Ra8 {[%clk 0:08:54]}  Rd2+ {[%clk 0:01:40]} 41. Kf3 {[%clk 0:08:58]}  Rb2 {[%clk 0:01:44]} 42. Ra4 {[%clk 0:09:02]}  Rb3+ {[%clk 0:01:45]} 43. Kf4 {[%clk 0:09:04]}  h5 {[%clk 0:01:37]} 44. R8xa6 {[%clk 0:09:06]}  h4 {[%clk 0:01:28]} 45. Ra3 {[%clk 0:08:52]}  Rxb4+ {[%clk 0:01:28]} 46. Kf3 {[%clk 0:08:56]}  Kh6 {[%clk 0:01:21]} 47. Rc6 {[%clk 0:08:53]}  Kh5 {[%clk 0:01:14]} 48. Rd3 {[%clk 0:08:21]}  g5 {[%clk 0:01:09]} 49. Rc5 {[%clk 0:08:24]}  Rf4+ {[%clk 0:01:01]} 50. Kg2 {[%clk 0:08:25]}  Rf6 {[%clk 0:00:50]} 51. Rdd5 {[%clk 0:08:11]}  Rg6 {[%clk 0:00:54]} 52. Kh3 {[%clk 0:08:11]}  Rg8 {[%clk 0:00:44]} 53. Rc7 {[%clk 0:07:53]}  Rb8 {[%clk 0:00:36]} 54. Rg7 {[%clk 0:07:41]}  Rb3+ {[%clk 0:00:36]} 55. Kg2 {[%clk 0:07:44]}  Rg3+ {[%clk 0:00:39]} 56. Kh2 {[%clk 0:07:47]}  Rg4 {[%clk 0:00:35]} 57. Rg8 {[%clk 0:07:44]}  Rg3 {[%clk 0:00:33]} 58. Rd7 {[%clk 0:06:57]}  Kg4 {[%clk 0:00:34]} 59. Rdg7 {[%clk 0:06:51]}  Kf4 {[%clk 0:00:31]} 60. Rg6 {[%clk 0:06:42]}  Kf5 {[%clk 0:00:24]} 61. R6g7 {[%clk 0:06:45]}  Kf4 {[%clk 0:00:28]} 62. Rf8+ {[%clk 0:06:45]}  Kg4 {[%clk 0:00:25]} 63. Rf2 {[%clk 0:06:48]}  h3 {[%clk 0:00:22]} 64. Rf1 {[%clk 0:06:23]}  Rg2+ {[%clk 0:00:17]} 65. Kh1 {[%clk 0:06:27]}  Kh5 {[%clk 0:00:07]} 66. Rg1 {[%clk 0:06:25]}  Ra2 {[%clk 0:00:06]} 67. R7xg5+ {[%clk 0:06:27]}  Kh6 {[%clk 0:00:10]} 68. R5g3 {[%clk 0:06:29]} 1-0

[Event "Rapid Tournament (RAP)"]
[Site "Biel, CH"]
[Date "2025.07.13"]
[Round "5"]
[White "Doxarve, Nils"]
[Black "Harish, Neeraj"]
[Result "0-1"]
[Board "14"]
[WhiteFideId "1340000"]
[BlackFideId "30958130"]
[BlackTitle "CM"]
[WhiteElo "1990"]
[BlackElo "2175"]
[WhiteTeam "SUI"]
[BlackTeam "USA"]
[WhiteClock "0:00:13"]
[BlackClock "0:00:53"]
[Variant "Standard"]

1. e4 {[%clk 0:15:07]}  c5 {[%clk 0:15:08]} 2. Nf3 {[%clk 0:15:11]}  e6 {[%clk 0:15:09]} 3. c4 {[%clk 0:15:14]}  Nc6 {[%clk 0:15:10]} 4. d4 {[%clk 0:15:17]}  cxd4 {[%clk 0:15:13]} 5. Nxd4 {[%clk 0:15:21]}  Nf6 {[%clk 0:15:15]} 6. Nc3 {[%clk 0:15:25]}  Bc5 {[%clk 0:14:53]} 7. Nb3 {[%clk 0:15:28]}  Bb4 {[%clk 0:14:31]} 8. Qc2 {[%clk 0:13:10]}  Bxc3+ {[%clk 0:13:54]} 9. Qxc3 {[%clk 0:12:49]}  d6 {[%clk 0:13:33]} 10. f3 {[%clk 0:12:45]}  O-O {[%clk 0:13:07]} 11. Be3 {[%clk 0:10:37]}  Qe7 {[%clk 0:12:41]} 12. O-O-O {[%clk 0:09:35]}  a5 {[%clk 0:12:33]} 13. g4 {[%clk 0:06:21]}  e5 {[%clk 0:11:58]} 14. Kb1 {[%clk 0:06:08]}  a4 {[%clk 0:11:56]} 15. Nc1 {[%clk 0:05:57]}  Be6 {[%clk 0:11:56]} 16. Ne2 {[%clk 0:05:22]}  Rfc8 {[%clk 0:11:57]} 17. Ng3 {[%clk 0:05:22]}  Na5 {[%clk 0:11:39]} 18. Nf5 {[%clk 0:04:51]}  Bxf5 {[%clk 0:11:09]} 19. gxf5 {[%clk 0:04:54]}  b5 {[%clk 0:10:44]} 20. Qb4 {[%clk 0:04:53]}  Nxc4 {[%clk 0:10:28]} 21. Bxc4 {[%clk 0:04:57]}  Rxc4 {[%clk 0:10:30]} 22. Qxb5 {[%clk 0:04:28]}  Rc7 {[%clk 0:09:10]} 23. Qb4 {[%clk 0:04:07]}  Ne8 {[%clk 0:09:10]} 24. Rhg1 {[%clk 0:03:40]}  Rb7 {[%clk 0:09:05]} 25. Qa3 {[%clk 0:03:33]}  Rab8 {[%clk 0:08:34]} 26. Rd2 {[%clk 0:03:36]}  Qh4 {[%clk 0:08:00]} 27. Bg5 {[%clk 0:02:57]}  Qh3 {[%clk 0:07:22]} 28. Qd3 {[%clk 0:03:00]}  h6 {[%clk 0:07:00]} 29. Rg3 {[%clk 0:02:47]}  Qh5 {[%clk 0:07:00]} 30. Be3 {[%clk 0:02:46]}  Qh4 {[%clk 0:06:05]} 31. Qa3 {[%clk 0:02:41]}  Rb4 {[%clk 0:05:41]} 32. Rc2 {[%clk 0:02:19]}  Qe7 {[%clk 0:05:02]} 33. Rg1 {[%clk 0:02:13]}  Qb7 {[%clk 0:05:03]} 34. Rgc1 {[%clk 0:02:00]}  Nf6 {[%clk 0:03:55]} 35. Bd2 {[%clk 0:01:52]}  Rb6 {[%clk 0:03:39]} 36. Bc3 {[%clk 0:01:52]}  Nd7 {[%clk 0:03:12]} 37. Qxa4 {[%clk 0:01:36]}  Ra6 {[%clk 0:03:03]} 38. Qc4 {[%clk 0:01:39]}  Rba8 {[%clk 0:02:50]} 39. b3 {[%clk 0:01:31]}  Qa7 {[%clk 0:01:34]} 40. Qe2 {[%clk 0:01:34]}  Nc5 {[%clk 0:01:34]} 41. Rb2 {[%clk 0:01:21]}  Kh7 {[%clk 0:00:57]} 42. Rd1 {[%clk 0:00:34]}  Qb7 {[%clk 0:00:10]} 43. Rdd2 {[%clk 0:00:32]}  R8a7 {[%clk 0:00:06]} 44. Qc4 {[%clk 0:00:35]}  Ra8 {[%clk 0:00:10]} 45. Qd5 {[%clk 0:00:37]}  Qe7 {[%clk 0:00:14]} 46. Bb4 {[%clk 0:00:35]}  Qh4 {[%clk 0:00:16]} 47. Bxc5 {[%clk 0:00:33]}  dxc5 {[%clk 0:00:09]} 48. Qxc5 {[%clk 0:00:19]}  Qe1+ {[%clk 0:00:12]} 49. Qc1 {[%clk 0:00:23]}  Qe3 {[%clk 0:00:16]} 50. Qd1 {[%clk 0:00:22]}  R8a7 {[%clk 0:00:09]} 51. Rd3 {[%clk 0:00:19]}  Qb6 {[%clk 0:00:10]} 52. Rd5 {[%clk 0:00:22]}  f6 {[%clk 0:00:10]} 53. Rbd2 {[%clk 0:00:24]}  Ra3 {[%clk 0:00:13]} 54. Rd6 {[%clk 0:00:26]}  Qa5 {[%clk 0:00:17]} 55. Qe2 {[%clk 0:00:24]}  Rc7 {[%clk 0:00:08]} 56. Rc2 {[%clk 0:00:18]}  Rxc2 {[%clk 0:00:11]} 57. Qxc2 {[%clk 0:00:21]}  Qe1+ {[%clk 0:00:10]} 58. Rd1 {[%clk 0:00:24]}  Qe3 {[%clk 0:00:14]} 59. Kb2 {[%clk 0:00:25]}  Ra8 {[%clk 0:00:17]} 60. Rd3 {[%clk 0:00:24]}  Qa7 {[%clk 0:00:21]} 61. a4 {[%clk 0:00:26]}  Rb8 {[%clk 0:00:23]} 62. Ka2 {[%clk 0:00:29]}  Qg1 {[%clk 0:00:22]} 63. Rc3 {[%clk 0:00:32]}  Qf1 {[%clk 0:00:23]} 64. Qc1 {[%clk 0:00:21]}  Qe2+ {[%clk 0:00:25]} 65. Rc2 {[%clk 0:00:23]}  Qxf3 {[%clk 0:00:29]} 66. Qb2 {[%clk 0:00:23]}  Qxe4 {[%clk 0:00:32]} 67. Rc7 {[%clk 0:00:25]}  Qxf5 {[%clk 0:00:35]} 68. a5 {[%clk 0:00:18]}  e4 {[%clk 0:00:37]} 69. b4 {[%clk 0:00:20]}  e3 {[%clk 0:00:40]} 70. Rc5 {[%clk 0:00:13]}  Qe6+ {[%clk 0:00:42]} 71. Ka3 {[%clk 0:00:16]}  e2 {[%clk 0:00:38]} 72. Qb1+ {[%clk 0:00:20]}  Kh8 {[%clk 0:00:40]} 73. Qe1 {[%clk 0:00:22]}  Qe3+ {[%clk 0:00:36]} 74. Ka4 {[%clk 0:00:24]}  Rd8 {[%clk 0:00:37]} 75. Rc3 {[%clk 0:00:16]}  Qe8+ {[%clk 0:00:39]} 76. Ka3 {[%clk 0:00:18]}  Rd1 {[%clk 0:00:40]} 77. Qg3 {[%clk 0:00:06]}  e1=Q {[%clk 0:00:42]} 78. Qxe1 {[%clk 0:00:08]}  Qxe1 {[%clk 0:00:46]} 79. a6 {[%clk 0:00:10]}  Ra1+ {[%clk 0:00:50]} 80. Kb3 {[%clk 0:00:13]}  Rxa6 {[%clk 0:00:53]} 0-1

[Event "Rapid Tournament (RAP)"]
[Site "Biel, CH"]
[Date "2025.07.13"]
[Round "5"]
[White "Wiesmann, Dominique"]
[Black "Erne, Raphael"]
[Result "1/2-1/2"]
[Board "15"]
[WhiteFideId "1308262"]
[BlackFideId "1341928"]
[WhiteElo "1978"]
[BlackElo "2159"]
[WhiteTeam "SUI"]
[BlackTeam "SUI"]
[WhiteClock "0:00:46"]
[BlackClock "0:00:14"]
[Variant "Standard"]

1. Nf3 {[%clk 0:15:07]}  d5 {[%clk 0:15:08]} 2. g3 {[%clk 0:15:10]}  Nf6 {[%clk 0:15:09]} 3. Bg2 {[%clk 0:15:14]}  Bg4 {[%clk 0:15:07]} 4. h3 {[%clk 0:14:58]}  Bxf3 {[%clk 0:14:43]} 5. Bxf3 {[%clk 0:15:16]}  e5 {[%clk 0:14:39]} 6. d3 {[%clk 0:15:08]}  c6 {[%clk 0:13:25]} 7. O-O {[%clk 0:14:29]}  Nbd7 {[%clk 0:13:50]} 8. c4 {[%clk 0:14:28]}  dxc4 {[%clk 0:12:27]} 9. dxc4 {[%clk 0:14:26]}  e4 {[%clk 0:12:22]} 10. Bg2 {[%clk 0:14:26]}  Bc5 {[%clk 0:12:08]} 11. Nc3 {[%clk 0:13:05]}  Qe7 {[%clk 0:11:51]} 12. e3 {[%clk 0:12:32]}  O-O {[%clk 0:09:57]} 13. b3 {[%clk 0:09:42]}  Rfe8 {[%clk 0:08:57]} 14. Bb2 {[%clk 0:07:00]}  Rad8 {[%clk 0:07:27]} 15. Qc2 {[%clk 0:09:52]}  h5 {[%clk 0:07:10]} 16. Rad1 {[%clk 0:08:25]}  h4 {[%clk 0:06:30]} 17. g4 {[%clk 0:06:46]}  g5 {[%clk 0:05:57]} 18. Ne2 {[%clk 0:06:39]}  Bd6 {[%clk 0:04:41]} 19. Nd4 {[%clk 0:06:44]}  Qe5 {[%clk 0:03:43]} 20. Rfe1 {[%clk 0:06:26]}  Qh2+ {[%clk 0:03:18]} 21. Kf1 {[%clk 0:06:03]}  Ne5 {[%clk 0:00:56]} 22. Qe2 {[%clk 0:05:39]}  Nd3 {[%clk 0:01:28]} 23. Rxd3 {[%clk 0:04:31]}  exd3 {[%clk 0:01:27]} 24. Qxd3 {[%clk 0:03:52]}  c5 {[%clk 0:01:14]} 25. Nf5 {[%clk 0:04:15]}  Be5 {[%clk 0:00:46]} 26. Qc2 {[%clk 0:02:28]}  b6 {[%clk 0:00:45]} 27. Bxe5 {[%clk 0:01:36]}  Qxe5 {[%clk 0:00:47]} 28. Rd1 {[%clk 0:01:35]}  Kf8 {[%clk 0:00:15]} 29. Bc6 {[%clk 0:01:31]}  Rxd1+ {[%clk 0:00:17]} 30. Qxd1 {[%clk 0:01:35]}  Rc8 {[%clk 0:00:16]} 31. Bb7 {[%clk 0:01:22]}  Rb8 {[%clk 0:00:06]} 32. Bc6 {[%clk 0:01:12]}  Qc7 {[%clk 0:00:10]} 33. Bf3 {[%clk 0:00:40]}  Qe5 {[%clk 0:00:03]} 34. Kg2 {[%clk 0:00:18]}  Re8 {[%clk 0:00:08]} 35. Bc6 {[%clk 0:00:20]}  Rc8 {[%clk 0:00:10]} 36. Bb7 {[%clk 0:00:23]}  Rb8 {[%clk 0:00:13]} 37. Bf3 {[%clk 0:00:27]}  Re8 {[%clk 0:00:08]} 38. Bc6 {[%clk 0:00:30]}  Rc8 {[%clk 0:00:10]} 39. Bb7 {[%clk 0:00:35]}  Rb8 {[%clk 0:00:10]} 40. Bf3 {[%clk 0:00:38]}  Re8 {[%clk 0:00:12]} 41. Bc6 {[%clk 0:00:41]}  Rc8 {[%clk 0:00:12]} 42. Bb7 {[%clk 0:00:44]}  Rb8 {[%clk 0:00:15]} 43. Bf3 {[%clk 0:00:46]}  Rc8 {[%clk 0:00:14]} 1/2-1/2

[Event "Rapid Tournament (RAP)"]
[Site "Biel, CH"]
[Date "2025.07.13"]
[Round "5"]
[White "Schweizer, Simon"]
[Black "Leonov, Leonid"]
[Result "1-0"]
[Board "16"]
[WhiteFideId "1325361"]
[BlackFideId "1698052"]
[WhiteElo "2131"]
[BlackElo "1894"]
[WhiteTeam "JPN"]
[BlackTeam "AUT"]
[WhiteClock "0:12:10"]
[BlackClock "0:08:00"]
[Variant "Standard"]

1. e4 {[%clk 0:15:07]}  e5 {[%clk 0:15:02]} 2. Nf3 {[%clk 0:15:10]}  Nc6 {[%clk 0:15:05]} 3. Nc3 {[%clk 0:15:14]}  Nf6 {[%clk 0:15:08]} 4. g3 {[%clk 0:15:17]}  Bc5 {[%clk 0:15:02]} 5. Bg2 {[%clk 0:15:21]}  d6 {[%clk 0:15:04]} 6. d3 {[%clk 0:15:24]}  a5 {[%clk 0:15:08]} 7. h3 {[%clk 0:15:27]}  O-O {[%clk 0:15:08]} 8. O-O {[%clk 0:15:30]}  h6 {[%clk 0:15:04]} 9. Kh2 {[%clk 0:15:34]}  Be6 {[%clk 0:14:51]} 10. Nd2 {[%clk 0:15:37]}  d5 {[%clk 0:14:33]} 11. f4 {[%clk 0:15:41]}  exf4 {[%clk 0:14:29]} 12. gxf4 {[%clk 0:15:44]}  dxe4 {[%clk 0:14:09]} 13. Ndxe4 {[%clk 0:15:46]}  Bd4 {[%clk 0:13:35]} 14. Nxf6+ {[%clk 0:14:53]}  Bxf6 {[%clk 0:13:13]} 15. Ne4 {[%clk 0:14:53]}  Bd4 {[%clk 0:12:48]} 16. c3 {[%clk 0:14:52]}  Bb6 {[%clk 0:12:52]} 17. f5 {[%clk 0:14:53]}  Bd5 {[%clk 0:12:43]} 18. f6 {[%clk 0:12:54]}  g5 {[%clk 0:12:25]} 19. Qh5 {[%clk 0:12:13]}  Bxe4 {[%clk 0:10:34]} 20. Bxe4 {[%clk 0:12:11]}  Qd6+ {[%clk 0:10:16]} 21. Kh1 {[%clk 0:12:12]}  Bg1 {[%clk 0:07:57]} 22. Rxg1 {[%clk 0:12:08]}  Qxf6 {[%clk 0:08:00]} 23. Bxg5 {[%clk 0:12:10]} 1-0

[Event "Rapid Tournament (RAP)"]
[Site "Biel, CH"]
[Date "2025.07.13"]
[Round "5"]
[White "Gao, Kai"]
[Black "Lipecki, Alexander"]
[Result "1/2-1/2"]
[Board "17"]
[WhiteFideId "8607770"]
[BlackFideId "1303511"]
[WhiteElo "1906"]
[BlackElo "2126"]
[WhiteTeam "CHN"]
[BlackTeam "SUI"]
[WhiteClock "0:00:13"]
[BlackClock "0:00:42"]
[Variant "Standard"]

1. e4 {[%clk 0:15:08]}  e6 {[%clk 0:15:07]} 2. d4 {[%clk 0:15:10]}  d5 {[%clk 0:15:10]} 3. Nd2 {[%clk 0:15:14]}  dxe4 {[%clk 0:15:02]} 4. Nxe4 {[%clk 0:15:18]}  Nf6 {[%clk 0:15:04]} 5. Nxf6+ {[%clk 0:15:17]}  Qxf6 {[%clk 0:15:04]} 6. Nf3 {[%clk 0:15:19]}  h6 {[%clk 0:15:02]} 7. Bd3 {[%clk 0:15:19]}  Bd6 {[%clk 0:14:39]} 8. Qe2 {[%clk 0:15:16]}  Nc6 {[%clk 0:14:32]} 9. c3 {[%clk 0:15:18]}  Bd7 {[%clk 0:14:24]} 10. d5 {[%clk 0:14:11]}  Ne5 {[%clk 0:14:22]} 11. Nxe5 {[%clk 0:14:10]}  Qxe5 {[%clk 0:14:23]} 12. dxe6 {[%clk 0:14:03]}  Bxe6 {[%clk 0:14:21]} 13. Qxe5 {[%clk 0:13:24]}  Bxe5 {[%clk 0:14:23]} 14. Be3 {[%clk 0:13:24]}  a6 {[%clk 0:14:16]} 15. f4 {[%clk 0:13:22]}  Bf6 {[%clk 0:14:09]} 16. Kf2 {[%clk 0:12:22]}  O-O-O {[%clk 0:13:32]} 17. Rhd1 {[%clk 0:12:25]}  Rhe8 {[%clk 0:13:03]} 18. Be2 {[%clk 0:11:19]}  Rxd1 {[%clk 0:12:41]} 19. Bxd1 {[%clk 0:11:21]}  Rd8 {[%clk 0:12:41]} 20. Bc2 {[%clk 0:10:17]}  b6 {[%clk 0:12:21]} 21. a3 {[%clk 0:10:16]}  a5 {[%clk 0:10:51]} 22. Rd1 {[%clk 0:10:04]}  Rxd1 {[%clk 0:10:48]} 23. Bxd1 {[%clk 0:10:08]}  Kd7 {[%clk 0:10:42]} 24. Ba4+ {[%clk 0:09:29]}  Kd6 {[%clk 0:10:41]} 25. h3 {[%clk 0:09:28]}  Bd5 {[%clk 0:10:28]} 26. g3 {[%clk 0:08:37]}  Bd8 {[%clk 0:09:59]} 27. Bd4 {[%clk 0:08:26]}  f6 {[%clk 0:10:02]} 28. h4 {[%clk 0:07:59]}  c6 {[%clk 0:09:54]} 29. Bd1 {[%clk 0:08:05]}  c5 {[%clk 0:09:12]} 30. Be3 {[%clk 0:08:09]}  b5 {[%clk 0:09:15]} 31. b4 {[%clk 0:07:18]}  axb4 {[%clk 0:08:33]} 32. axb4 {[%clk 0:07:17]}  Bb6 {[%clk 0:08:14]} 33. Bh5 {[%clk 0:06:12]}  Be4 {[%clk 0:04:55]} 34. Be8 {[%clk 0:05:24]}  Bc6 {[%clk 0:04:39]} 35. Bg6 {[%clk 0:05:07]}  Bd7 {[%clk 0:04:33]} 36. Ke2 {[%clk 0:04:57]}  Bg4+ {[%clk 0:04:13]} 37. Kd2 {[%clk 0:04:59]}  Bf3 {[%clk 0:04:02]} 38. Be8 {[%clk 0:04:43]}  Bc6 {[%clk 0:04:04]} 39. Bg6 {[%clk 0:04:21]}  Kd5 {[%clk 0:03:42]} 40. Kd3 {[%clk 0:03:11]}  Bd7 {[%clk 0:03:29]} 41. Bf7+ {[%clk 0:02:38]}  Kd6 {[%clk 0:03:30]} 42. Bg6 {[%clk 0:02:09]}  Bh3 {[%clk 0:03:20]} 43. Be8 {[%clk 0:01:53]}  Bf1+ {[%clk 0:02:20]} 44. Ke4 {[%clk 0:01:49]}  Bg2+ {[%clk 0:01:58]} 45. Kf5 {[%clk 0:01:29]}  cxb4 {[%clk 0:02:02]} 46. Bxb6 {[%clk 0:01:27]}  b3 {[%clk 0:02:06]} 47. Bxb5 {[%clk 0:01:18]}  g6+ {[%clk 0:01:53]} 48. Kxf6 {[%clk 0:01:11]}  Be4 {[%clk 0:01:54]} 49. Bc4 {[%clk 0:01:01]}  b2 {[%clk 0:01:46]} 50. Ba2 {[%clk 0:01:19]}  h5 {[%clk 0:01:40]} 51. Bd4 {[%clk 0:01:11]}  b1=Q {[%clk 0:01:29]} 52. Bxb1 {[%clk 0:01:15]}  Bxb1 {[%clk 0:01:32]} 53. c4 {[%clk 0:01:17]}  Bf5 {[%clk 0:00:57]} 54. Bb6 {[%clk 0:00:57]}  Bd3 {[%clk 0:01:13]} 55. Bf2 {[%clk 0:00:59]}  Bf5 {[%clk 0:01:16]} 56. Kg5 {[%clk 0:00:59]}  Ke6 {[%clk 0:01:10]} 57. c5 {[%clk 0:00:59]}  Be4 {[%clk 0:01:06]} 58. g4 {[%clk 0:00:58]}  hxg4 {[%clk 0:01:08]} 59. Kxg4 {[%clk 0:01:02]}  Kf6 {[%clk 0:00:50]} 60. Bd4+ {[%clk 0:01:06]}  Ke6 {[%clk 0:00:54]} 61. Kg5 {[%clk 0:01:11]}  Kd5 {[%clk 0:00:58]} 62. Be3 {[%clk 0:01:09]}  Ke6 {[%clk 0:01:02]} 63. Bd2 {[%clk 0:00:52]}  Kd5 {[%clk 0:00:58]} 64. Bb4 {[%clk 0:00:50]}  Ke6 {[%clk 0:01:02]} 65. Ba5 {[%clk 0:00:54]}  Kd5 {[%clk 0:01:04]} 66. Bb6 {[%clk 0:00:59]}  Ke6 {[%clk 0:01:08]} 67. Ba7 {[%clk 0:00:58]}  Kf7 {[%clk 0:01:07]} 68. Bb8 {[%clk 0:00:49]}  Ke6 {[%clk 0:01:09]} 69. Bd6 {[%clk 0:00:46]}  Kf7 {[%clk 0:01:07]} 70. Kh6 {[%clk 0:00:41]}  Bf3 {[%clk 0:00:59]} 71. Be5 {[%clk 0:00:37]}  Be4 {[%clk 0:01:00]} 72. Kg5 {[%clk 0:00:30]}  Ke6 {[%clk 0:00:59]} 73. c6 {[%clk 0:00:24]}  Bxc6 {[%clk 0:00:38]} 74. Kxg6 {[%clk 0:00:28]}  Be8 {[%clk 0:00:42]} 75. Kg7 {[%clk 0:00:18]}  Kf5 {[%clk 0:00:43]} 76. Kf8 {[%clk 0:00:13]}  Bh5 {[%clk 0:00:42]} 1/2-1/2

[Event "Rapid Tournament (RAP)"]
[Site "Biel, CH"]
[Date "2025.07.13"]
[Round "5"]
[White "Drechsler, Christoph"]
[Black "Mueller, Konstantin"]
[Result "0-1"]
[Board "18"]
[WhiteFideId "1305280"]
[BlackFideId "34661778"]
[WhiteElo "2067"]
[BlackElo "1798"]
[WhiteTeam "SUI"]
[BlackTeam "GER"]
[WhiteClock "0:00:21"]
[BlackClock "0:01:24"]
[Variant "Standard"]

1. d4 {[%clk 0:15:07]}  d5 {[%clk 0:15:09]} 2. Nf3 {[%clk 0:15:10]}  Nf6 {[%clk 0:15:11]} 3. e3 {[%clk 0:15:14]}  c5 {[%clk 0:14:43]} 4. Be2 {[%clk 0:15:16]}  Nc6 {[%clk 0:14:41]} 5. O-O {[%clk 0:15:19]}  Bg4 {[%clk 0:14:35]} 6. dxc5 {[%clk 0:15:04]}  e6 {[%clk 0:14:15]} 7. a3 {[%clk 0:15:07]}  a5 {[%clk 0:14:11]} 8. b3 {[%clk 0:15:05]}  Bxc5 {[%clk 0:14:02]} 9. Bb2 {[%clk 0:15:01]}  O-O {[%clk 0:14:01]} 10. Nbd2 {[%clk 0:14:57]}  Qe7 {[%clk 0:13:35]} 11. c4 {[%clk 0:14:50]}  Rfd8 {[%clk 0:12:28]} 12. cxd5 {[%clk 0:12:20]}  Nxd5 {[%clk 0:12:09]} 13. Qb1 {[%clk 0:09:53]}  Nxe3 {[%clk 0:11:11]} 14. fxe3 {[%clk 0:08:52]}  Bxe3+ {[%clk 0:11:15]} 15. Kh1 {[%clk 0:08:56]}  Bxd2 {[%clk 0:10:59]} 16. Qc2 {[%clk 0:07:43]}  Bf4 {[%clk 0:08:38]} 17. Qc3 {[%clk 0:06:02]}  Qf8 {[%clk 0:07:33]} 18. Qc4 {[%clk 0:05:22]}  Bxf3 {[%clk 0:06:21]} 19. Bxf3 {[%clk 0:05:16]}  Bd6 {[%clk 0:06:08]} 20. Qh4 {[%clk 0:04:59]}  Be5 {[%clk 0:05:33]} 21. Bxc6 {[%clk 0:04:20]}  Bxb2 {[%clk 0:05:36]} 22. Be4 {[%clk 0:04:24]}  f5 {[%clk 0:05:15]} 23. Rab1 {[%clk 0:04:02]}  Bf6 {[%clk 0:05:16]} 24. Qh3 {[%clk 0:03:21]}  fxe4 {[%clk 0:05:14]} 25. Qxe6+ {[%clk 0:03:25]}  Kh8 {[%clk 0:05:12]} 26. Qxe4 {[%clk 0:03:27]}  Qxa3 {[%clk 0:04:59]} 27. Qxb7 {[%clk 0:03:17]}  Rab8 {[%clk 0:04:45]} 28. Qc7 {[%clk 0:03:21]}  Qb4 {[%clk 0:04:11]} 29. h3 {[%clk 0:02:39]}  Qb6 {[%clk 0:04:03]} 30. Qg3 {[%clk 0:02:27]}  Qd6 {[%clk 0:03:52]} 31. Qf3 {[%clk 0:02:26]}  Qd3 {[%clk 0:03:49]} 32. Qc6 {[%clk 0:02:24]}  Rxb3 {[%clk 0:03:03]} 33. Rbe1 {[%clk 0:02:03]}  Rf8 {[%clk 0:01:47]} 34. Rf3 {[%clk 0:01:26]}  Qb5 {[%clk 0:01:31]} 35. Qd6 {[%clk 0:01:13]}  Qb4 {[%clk 0:01:30]} 36. Qxf8+ {[%clk 0:00:39]}  Qxf8 {[%clk 0:01:33]} 37. Rxb3 {[%clk 0:00:43]}  h6 {[%clk 0:01:25]} 38. Reb1 {[%clk 0:00:42]}  Kh7 {[%clk 0:01:28]} 39. Rb8 {[%clk 0:00:46]}  Qd6 {[%clk 0:01:29]} 40. Ra8 {[%clk 0:00:49]}  Qd5 {[%clk 0:01:25]} 41. Rab8 {[%clk 0:00:28]}  Bc3 {[%clk 0:01:23]} 42. R8b5 {[%clk 0:00:19]}  Qd6 {[%clk 0:01:24]} 43. Rb6 {[%clk 0:00:21]}  Qf4 {[%clk 0:01:24]} 0-1

[Event "Rapid Tournament (RAP)"]
[Site "Biel, CH"]
[Date "2025.07.13"]
[Round "5"]
[White "Anetov, Amirzhan"]
[Black "Schweizer, Samuel"]
[Result "1-0"]
[Board "19"]
[WhiteFideId "13784951"]
[BlackFideId "1325353"]
[WhiteElo "1856"]
[BlackElo "2061"]
[WhiteTeam "KAZ"]
[BlackTeam "JPN"]
[WhiteClock "0:00:47"]
[BlackClock "0:01:14"]
[Variant "Standard"]

1. e4 {[%clk 0:15:10]}  g6 {[%clk 0:15:07]} 2. d4 {[%clk 0:15:14]}  Bg7 {[%clk 0:15:10]} 3. Nc3 {[%clk 0:15:18]}  d6 {[%clk 0:15:08]} 4. Be3 {[%clk 0:15:18]}  Nd7 {[%clk 0:15:15]} 5. Qd2 {[%clk 0:15:25]}  a6 {[%clk 0:15:19]} 6. Nf3 {[%clk 0:15:17]}  b5 {[%clk 0:15:11]} 7. h4 {[%clk 0:15:01]}  Bb7 {[%clk 0:14:47]} 8. Bd3 {[%clk 0:14:51]}  c5 {[%clk 0:13:46]} 9. dxc5 {[%clk 0:13:54]}  Nxc5 {[%clk 0:13:31]} 10. O-O-O {[%clk 0:12:09]}  b4 {[%clk 0:13:20]} 11. Nd5 {[%clk 0:11:21]}  Bxd5 {[%clk 0:13:16]} 12. exd5 {[%clk 0:13:38]}  Qa5 {[%clk 0:11:48]} 13. Bc4 {[%clk 0:13:03]}  Nf6 {[%clk 0:11:37]} 14. Nd4 {[%clk 0:12:30]}  Nfe4 {[%clk 0:11:29]} 15. Qe1 {[%clk 0:11:21]}  Na4 {[%clk 0:10:35]} 16. Kb1 {[%clk 0:09:08]}  Rc8 {[%clk 0:09:04]} 17. Bb3 {[%clk 0:06:32]}  Rc5 {[%clk 0:08:27]} 18. f3 {[%clk 0:05:28]}  Nec3+ {[%clk 0:06:01]} 19. bxc3 {[%clk 0:10:14]}  Nxc3+ {[%clk 0:05:26]} 20. Kc1 {[%clk 0:09:40]}  Nxd5 {[%clk 0:03:54]} 21. Rd3 {[%clk 0:09:25]}  Nc3 {[%clk 0:01:22]} 22. Kd2 {[%clk 0:08:44]}  e5 {[%clk 0:01:12]} 23. Ne2 {[%clk 0:07:57]}  e4 {[%clk 0:00:21]} 24. Bxc5 {[%clk 0:07:46]}  Qxc5 {[%clk 0:03:57]} 25. Nxc3 {[%clk 0:04:11]}  Bxc3+ {[%clk 0:03:59]} 26. Rxc3 {[%clk 0:04:08]}  bxc3+ {[%clk 0:03:16]} 27. Kc1 {[%clk 0:04:01]}  e3 {[%clk 0:02:47]} 28. h5 {[%clk 0:03:41]}  g5 {[%clk 0:02:26]} 29. Qe2 {[%clk 0:02:27]}  O-O {[%clk 0:02:22]} 30. Kd1 {[%clk 0:02:22]}  a5 {[%clk 0:02:06]} 31. Qc4 {[%clk 0:02:13]}  Qe5 {[%clk 0:00:59]} 32. Qe4 {[%clk 0:01:53]}  Qg3 {[%clk 0:00:53]} 33. Qxe3 {[%clk 0:01:41]}  d5 {[%clk 0:00:22]} 34. h6 {[%clk 0:01:11]}  a4 {[%clk 0:01:43]} 35. Qd4 {[%clk 0:00:31]}  f6 {[%clk 0:01:47]} 36. Bxd5+ {[%clk 0:00:35]}  Kh8 {[%clk 0:01:50]} 37. Qa7 {[%clk 0:00:15]}  Rg8 {[%clk 0:01:30]} 38. Qf7 {[%clk 0:00:06]}  Qxf3+ {[%clk 0:01:14]} 39. gxf3 {[%clk 0:00:47]} 1-0